| 000 | 00500nam a22001697a 4500 | ||
|---|---|---|---|
| 003 | CEME | ||
| 005 | 20210628204130.0 | ||
| 008 | 210106b xxu||||| |||| 00| 0 eng d | ||
| 020 | _a9781447122333 | ||
| 040 | _cceme | ||
| 082 | _a621.3822 SHE | ||
| 100 |
_aSheng, Hu, Chen, Yan Gquan, Qiu, Tian Shuang _968866 |
||
| 245 | _aFractional proceses and fractional-order signal processing, techniques and applications | ||
| 260 |
_aNEW YORK _bSPRINGER _c2012 |
||
| 300 | _aXXVI, 295P | ||
| 942 |
_cBK _2ddc |
||
| 999 |
_c576322 _d576322 |
||